Komparace pojistných produktů životního pojištění v České republice a vybrané ekonomice Evropské unie

Charakterizácia produktov životného poistenia typického pre Českú republiku a Veľkú Britániu, ich komparácia. Pre tieto účely bolo zvolené rizikové životné poistenie, ktoré je v oboch krajinách do istej miery porovnateľné.

Guardado en:
Detalles Bibliográficos
Autor principal: Lyčková, Taťána
Formato: Capítulo de libro
Lenguaje:checo
Materias:
Etiquetas: Agregar Etiqueta
Sin Etiquetas, Sea el primero en etiquetar este registro!

MARC

LEADER 00000naa$a2200000$$$4500
001 0056549
005 20221128094951.0
041 0 |a cze 
044 |a SK 
245 1 0 |a Komparace pojistných produktů životního pojištění v České republice a vybrané ekonomice Evropské unie  |c Taťána Lyčková 
520 |a Charakterizácia produktov životného poistenia typického pre Českú republiku a Veľkú Britániu, ich komparácia. Pre tieto účely bolo zvolené rizikové životné poistenie, ktoré je v oboch krajinách do istej miery porovnateľné. 
610 2 0 |a trh poistný 
610 2 0 |a poisťovne 
610 2 0 |a poistenie rizikové 
610 2 0 |a poistenie životné 
610 2 0 |a Česko 
610 2 0 |a Veľká Británia 
100 1 |a Lyčková, Taťána